Statistiques concernant Can you name all GFRIEND's MVS?

Cliquez ici pour prendre le quiz!

Statistiques générales

  • Ce quiz a été pris 6 fois
  • Le résultat moyen est 14 sur 17

Statistiques - réponses

Number of viewsMVS% Correct
38,000,000Apple
100%
20,900,000Glass Bead
100%
51,100,000Love Whisper
100%
74,000,000Mago
100%
96,000.000Rough
100%
41,500,000Sunrise
100%
27,000,000Crossroads
83%
31,900,000Fingertip
83%
57,000,000Me Gustas Tu
83%
77,000,000Navillera
83%
28,700,000Summer Rain
83%
28,300,000Sunny Summer
83%
12,000,000Fallin Light
67%
37,800,000Fever
67%
10,000,000Flower
67%
14,000,000Memoria
67%
73,400,000Time For The Moon Night
67%

Distribution des résultats

Percentile par nombre de réponses

% des personnes avec chaque résultat

Votre développement - résultats

Vous n’avez pas pris ce quiz